Home Information Packs and Inspection Reports (Record no. 75255)

MARC details
000 -LEADER
fixed length control field 01223cab a2200205 4500
001 - CONTROL NUMBER
control field L129760
008 - FIXED-LENGTH DATA ELEMENTS--GENERAL INFORMATION
fixed length control field 050518n2005 000 0 eng u
035 ## - SYSTEM CONTROL NUMBER
System control number (Sirsi) u129760
041 ## - LANGUAGE CODE
Language code of text/sound track or separate title eng
100 ## - MAIN ENTRY--PERSONAL NAME
Personal name Rice, Roger
245 ## - TITLE STATEMENT
Title Home Information Packs and Inspection Reports
Remainder of title part 1 - introduction
260 ## - PUBLICATION, DISTRIBUTION, ETC.
Date of publication, distribution, etc. 2005
490 ## - SERIES STATEMENT
Series statement Site Recorder
Volume/sequential designation 123(1465) May 2005, 9(1)
520 ## - SUMMARY, ETC.
Summary, etc. Gives details of the Home Information Packs which the government plans to introduce throughout England and Wales from the beginning of 2007. Explains that there is a proposal for a trial of the scheme on a voluntary basis in England and Wales from July 2006 and once the Housing Act 2004 has been enacted it is expected there will be a significant increase in take up of voluntary Information Pack initiatives. The trial will enable the industry and the public to experience the full statutory Home Information Packs scheme in advance of its introduction throughout England and Wales on a mandatory basis.
590 ## - LOCAL NOTE (RLIN)
Local note IKA190505
650 ## - SUBJECT ADDED ENTRY--TOPICAL TERM
Topical term or geographic name entry element HOUSING ACT 2004
650 ## - SUBJECT ADDED ENTRY--TOPICAL TERM
Topical term or geographic name entry element HOUSING ACT 2004 PART V
690 ## - LOCAL SUBJECT ADDED ENTRY--TOPICAL TERM (OCLC, RLIN)
Topical term or geographic name as entry element PROPERTY-RESIDENTIAL PROPERTY-ACQUISITION AND DISPOSAL OF RESIDENTIAL PROPERTY-HOME BUYING REFORM
942 ## - ADDED ENTRY ELEMENTS (KOHA)
Suppress in OPAC 0
Holdings
Withdrawn status Lost status Source of classification or shelving scheme Damaged status Not for loan Home library Current library Shelving location Date acquired Total Checkouts Full call number Barcode Date last seen Copy number Price effective from Koha item type
    Dewey Decimal Classification     London London Journal article 18/05/2005   L129760 129760-1001 06/08/2019 1 06/08/2019 Journal article